| Tag |
First Indicator |
Second Indicator |
Subfields |
| LEADER |
00000nmm a22000001a 4500 |
| 001 |
in00004614621 |
| 006 |
m|||||o||m|||||||| |
| 007 |
cr|cn |||uuuuu |
| 008 |
221118s2011 xxu||||eo|||| ||||||eng d |
| 005 |
20221207214606.0 |
| 035 |
|
|
|a (TxWaIVM)IV7033AnHo
|
| 040 |
|
|
|a TxWaIVM
|c TxWaIVM
|
| 245 |
0 |
0 |
|a How to Draw Manga #15 /
|c powered by Library Pass.
|
| 260 |
3 |
|
|a [United States] :
|b Antarctic Press,
|c 2011.
|
| 300 |
|
|
|a 1 online resource.
|
| 336 |
|
|
|a text
|b txt
|2 rdacontent
|
| 337 |
|
|
|a computer
|b c
|2 rdamedia
|
| 338 |
|
|
|a online resource
|b cr
|2 rdacarrier
|
| 520 |
|
|
|a Antarctic Press continues its series of How To Draw Manga guidebooks! Ben Dunn, Fred Perry, and Joe Wight continue to present a comprehensive guide in mastering the manga style and will emphasize layout in this issue. Each featured artist will have his own exclusive special comments. Some topics we will cover in the series are advanced figure study, costumes, mecha, comic storytelling, and composition. If you don't get it... you'll regret it!
|
| 521 |
|
|
|a 4
|
| 538 |
|
|
|a Requires a valid library card and registration for new users.
|
| 538 |
|
|
|a Mode of access: World Wide Web.
|
| 538 |
|
|
|a System requirements: Flash 10.1 or higher, Windows XP and higher, Internet Explorer 7 and higher, Firefox 3.6 and higher, Google Chrome; Max OS 10.5 and higher, Safari 4 and higher.
|
| 650 |
|
0 |
|a Doujinshi (deactivated)
|
| 655 |
|
7 |
|a Electronic books.
|2 local
|
| 655 |
|
7 |
|a Doujinshi (deactivated)
|2 gsafd
|
| 650 |
|
0 |
|a Comic books, strips, etc. --Education
|
| 655 |
|
7 |
|a Comic books, strips, etc. --Education
|2 gsafd
|
| 650 |
|
0 |
|a Gakushū
|
| 655 |
|
7 |
|a Gakushū
|2 gsafd
|
| 650 |
|
0 |
|a Comic books, strips, etc.
|
| 655 |
|
7 |
|a Comic books, strips, etc.
|2 gsafd
|
| 650 |
|
0 |
|a S.T.E.M./S.T.E.A.M.
|
| 655 |
|
7 |
|a S.T.E.M./S.T.E.A.M.
|2 gsafd
|
| 650 |
|
0 |
|a Techniques
|
| 655 |
|
7 |
|a Techniques
|2 gsafd
|
| 700 |
1 |
|
|a STAFF, ANTARCTIC PRESS.
|e writer.
|
| 700 |
1 |
|
|a Various , .
|e writer.
|
| 700 |
1 |
|
|a Dunn , Ben.
|e artist.
|
| 700 |
1 |
|
|a Hutchison , David.
|e artist.
|
| 700 |
1 |
|
|a Espinosa, Rod.
|e artist.
|
| 700 |
1 |
|
|a Various , .
|e artist.
|
| 710 |
2 |
|
|a Library Pass, LLC.
|
| 856 |
4 |
0 |
|u http://proxy.library.tamu.edu/login?url=https://tamu.librarypass.com/product/com.iversecomics.antarctic.press.how.to.draw.manga.fifteen.09302011
|z Connect to this electronic book (First time users create your free account)
|t 0
|
| 955 |
|
|
|a Comics Plus.
|
| 999 |
f |
f |
|s 474cec6e-89ec-476a-a810-276e8130925f
|i 6c9bd51c-0342-4c30-ab8f-52dc924b04e1
|t 0
|
| 952 |
f |
f |
|a Texas A&M University
|b College Station
|c Electronic Resources
|d Available Online
|t 0
|h Library of Congress classification
|
| 998 |
f |
f |
|t 0
|l Available Online
|